00277nam a22000977a 4500008004100000020001800041100001600059245006400075260003200139300000800171240805b |||||||| |||| 00| 0 eng d a9788119403837 aS. Chandran aConcise Commentary on The Bharatiya Sakshya Adhiniyam, 2023 aGurgaon bLexis Nexisc2024 a129